|
|
|
|
| LEADER |
01370nam a2200349 a 4500 |
| 001 |
32116 |
| 003 |
BD-DhAAL |
| 005 |
20170924150454.0 |
| 008 |
170924s2013 paua b 001 0 eng c |
| 999 |
|
|
|c 38338
|d 38338
|
| 010 |
|
|
|a 2012038308
|
| 020 |
|
|
|a 9780812222395 (hardcover : alk. paper)
|
| 040 |
|
|
|a PU/DLC
|c PU
|d DLC
|d BD-DhAAL
|
| 050 |
0 |
0 |
|a HT167
|b .P643 2013
|
| 082 |
0 |
0 |
|a 307.760973
|2 23
|
| 245 |
0 |
0 |
|a Policy, planning, and people :
|b promoting justice in urban development /
|c edited by Naomi Carmon and Susan Fainstein.
|
| 250 |
|
|
|a 1st ed.
|
| 260 |
|
|
|a Philadelphia :
|b University of Pennsylvania Press,
|c c2013.
|
| 300 |
|
|
|a ix, 404 pages :
|b illustrations ;
|c 25 cm.
|
| 490 |
1 |
|
|a The city in the twenty-first century
|
| 504 |
|
|
|a Includes bibliographical references and index.
|
| 526 |
|
|
|a ARC
|
| 541 |
|
|
|e 32116
|
| 650 |
|
0 |
|a Urban policy
|z United States.
|9 22320
|
| 650 |
|
0 |
|a City planning
|z United States.
|9 22321
|
| 650 |
|
0 |
|a Urban policy.
|9 22322
|
| 650 |
|
0 |
|a City planning.
|9 22323
|
| 700 |
1 |
|
|a Carmon, Naomi.
|9 22324
|
| 700 |
1 |
|
|a Fainstein, Susan S.
|9 22325
|
| 830 |
|
0 |
|a City in the twenty-first century book series.
|9 22326
|
| 942 |
|
|
|2 ddc
|c BK
|
| 952 |
|
|
|0 0
|1 0
|2 ddc
|4 0
|6 307_760973000000000_POL
|7 0
|9 61338
|a BRACUL
|b BRACUL
|c GEN
|d 2017-09-24
|e Development Book Agency
|g 5424.00
|l 0
|o 307.760973 POL
|p 3010032116
|r 2017-09-24
|t 1
|v 5424.00
|w 2017-09-24
|y BK
|